Logo Quiz - litera S - Statystyki

Ogólne statystyki
  • Ten quiz został rozwiązany 38 razy
    15 od ostatniego zresetowania
  • Średni wynik to 23 z 26
Statystyki odpowiedzi
Obrazkowy Hint Odpowiedź % Poprawnych
Przeglądarka Safari
100%
Elektronika Samsung
100%
Bank Santander
100%
Marka samochodów Seat
100%
Cukierki Skittles
100%
Marka samochodów Škoda
100%
Social Media Snapchat
100%
Baton Snickers
100%
Elektronika Sony
100%
Muzyka Spotify
100%
Napój Sprite
100%
Restauracja Subway
100%
Elektronika Siemens
92%
Sklep z zabawkami Smyk
92%
Kawiarnia Starbucks
92%
Marka samochodów Subaru
92%
Marka samochodów Suzuki
92%
Sklep z modą Sinsay
83%
Stowarzyszenie Solidarność
83%
Sklep z grami Steam
83%
Sklep spożywczy Spar
75%
Konsola do gier Sega
67%
Zakupy online Shein
67%
Muzyka SoundCloud
67%
Piłka nożna Stal Mielec
67%
Sklep z modą Stradivarius
58%
Nie znaleziono quizów pasujących do podanych kryteriów
Rozkład punktacji
Procent ludzi z każdym wynikiem
Percentyl według liczby udzielonych odpowiedzi
Twoja historia wyników
Nie rozwiązałeś tego quizu od ostatniego zresetowania